| Tag |
First Indicator |
Second Indicator |
Subfields |
| LEADER |
00000cam a2200000 4500 |
| 001 |
in00000885367 |
| 005 |
20151019161049.0 |
| 008 |
820806s1968 mou b 00010 eng d |
| 035 |
|
|
|a (OCoLC)08666179
|
| 035 |
|
|
|9 AEK9394AM
|
| 040 |
|
|
|a KSW
|c KSW
|d TXA
|d UtOrBLW
|
| 049 |
|
|
|a TXAS [dyks]
|
| 050 |
|
4 |
|a F687.K6
|b H37 1968
|
| 090 |
|
|
|a F591
|b .T7 v.13:no.4 (1968:Dec.)
|
| 100 |
1 |
|
|a Harmon, Terry H.
|
| 245 |
1 |
0 |
|a Soldier Creek Park :
|b the Rockefeller Ranch in Kiowa County, Kansas /
|c by Terry H. Harmon.
|
| 264 |
|
1 |
|a Kansas City, Mo. :
|b Kansas City Posse, The Westerners,
|c 1968.
|
| 300 |
|
|
|a 30 pages ;
|c 23 cm.
|
| 336 |
|
|
|a text
|b txt
|2 rdacontent
|
| 337 |
|
|
|a unmediated
|b n
|2 rdamedia
|
| 338 |
|
|
|a volume
|b nc
|2 rdacarrier
|
| 490 |
1 |
|
|a The Trail guide ;
|v v. 13, no. 4
|
| 504 |
|
|
|a Includes bibliographical footnotes.
|
| 650 |
|
0 |
|a Parks
|z Kansas
|z Kiowa County.
|
| 830 |
|
0 |
|a Trail guide ;
|v v. 13, no. 4.
|
| 999 |
|
|
|a MARS
|
| 999 |
f |
f |
|s 1f615161-3d79-3047-a7ab-1b47ed4fffeb
|i 446560c9-155b-3df2-bb69-04e7d062cf7f
|t 0
|
| 952 |
f |
f |
|p noncirc
|a Texas A&M University
|b College Station
|c Cushing Memorial Library & Archives
|d Cushing: Dykes (Does not check out)
|t 0
|e F591 .T7 v.13:no.4 (1968:Dec.)
|h Library of Congress classification
|i unmediated -- volume
|
| 952 |
f |
f |
|p noncirc
|a Texas A&M University
|b College Station
|c Cushing Memorial Library & Archives
|d Cushing: Dykes (Does not check out)
|t 0
|e F591 .T7 v.13:no.4 (1968:Dec.)
|h Library of Congress classification
|i unmediated -- volume
|
| 998 |
f |
f |
|a F591 .T7 v.13:no.4 (1968:Dec.)
|t 0
|l Cushing: Dykes (Does not check out)
|
| 998 |
f |
f |
|a F591 .T7 v.13:no.4 (1968:Dec.)
|t 0
|l Cushing: Dykes (Does not check out)
|